| 000 | 01219nam0a22002771 4500 | ||
|---|---|---|---|
| 001 | v19\rc\1963508 | ||
| 005 | 20251118181023.8 | ||
| 035 | _a(NLR Aleph) 005046997 | ||
| 090 |
_a6853998 _c6853998 |
||
| 100 | _a20080428d1913 |||y0rusy50 ca | ||
| 101 | 0 | _arus | |
| 102 | _aRU | ||
| 105 | _ay z ||||| | ||
| 200 | 1 |
_aОбщедоступное руководство по гербовому сбору для домовладельцев, торговцев, промышленников и волостных правлений _fСост. А.А. Честухин, подат. инспектор 23 уч. г. Москвы и М.П. Богатиков, подат. инспектор 1 уч. Моск. у. с разреш. управляющего Моск. казен. палатой |
|
| 210 |
_aМосква _c[скл. изд. у авт.] _d1913 |
||
| 215 |
_a[4], 166 с. _d18 |
||
| 700 | 1 |
_aЧестухин _bА. А. _gАнтон Абрамович _4220 |
|
| 701 | 1 |
_aБогатиков _bМ. П. _4220 |
|
| 801 | 0 |
_aRU _bNLR _gpsbo |
|
| 801 | 0 |
_aRU _bRuMoRGB _2psbo |
|
| 801 | 1 |
_aRU _bProSoft-M _2rusmarc |
|
| 852 |
_aNLR _j37.39.8.28 |
||
| 899 |
_aRuMoRGB _jV 12/1456 |
||
| 899 | _aБАН | ||
| 942 | _cBOOK | ||
| 980 | _aNB | ||